Derbys du football Européen - Statistiques

Statistiques générales
  • Ce quiz a été pris 164 fois
  • Le résultat moyen est 11 sur 20
Statistiques - réponses
Nom Equipe % Correct
Derby de Lisboa SL Benfica
94%
Derby de Lisboa Sporting CP
92%
Derby basque Athletic Club
79%
Derby de la Ruhr Borussia Dortmund
73%
Derby della Madonnina Inter Milan
73%
Derby basque Real Sociedad
72%
Derby della Madonnina AC Milan
71%
Derby de Prague Slavia Prague
71%
Derby de Prague Sparta Prague
70%
Derby della Mole Juventus FC
58%
Stadtderby Zurich FC Zürich
52%
Derby de la Ruhr Schalke 04
52%
Derby della Mole Torino FC
52%
Derby éternel (Večiti Derbi) Étoile rouge de Belgrade
39%
Derby éternel (Večiti Derbi) Partizan Belgrade
30%
Stadtderby Zurich GC Zürich
25%
Derby della Lanterna Genoa FC
24%
Derby della Lanterna UC Sampdoria
23%
Derby des éternels ennemis Olympiakós
8%
Derby des éternels ennemis Panathinaïkós
8%
Aucun quiz correspondant
Distribution des résultats
% des personnes avec chaque résultat
Percentile par nombre de réponses
Votre historique - résultats
Vous n’avez pas pris ce quiz